000 00359nam a2200121 i 4500
001 bg
245 0 _aProblemy pedagogiczne w szkolnictwie wyższym Polski i NRD :
_bmateriały z konferencji naukowej Rynia k. Warszawy 8-12.VI.1970.
260 _aWarszawa,
_c1971.
040 _cBPK
041 _apol
942 _cKS
008 s pl f |000 0 pol
999 _c27330
_d27330
856 _uhttp://koha.tu.koszalin.pl/cgi-bin/koha/opac-detail.pl?biblionumber=27330
_yKatalog online BPK